Niżny Tagił - kwalifikacje Top 10 - Statystyki

Ogólne statystyki
  • Ten quiz został rozwiązany 31 razy
  • Średni wynik to 5 z 10
Statystyki odpowiedzi
POZYCJA ZAWODNIK % Poprawnych
1 Kamil Stoch
96%
4 Ryoyu Kobayashi
81%
5 Karl Geiger
73%
3 Daniel Huber
54%
2 Anze Lanisek
46%
7 Yukiya Sato
42%
9 Killian Peier
31%
9 Manuel Fettner
31%
8 Stephan Leyhe
19%
6 Markus Schiffner
12%
Nie znaleziono quizów pasujących do podanych kryteriów
Rozkład punktacji
Procent ludzi z każdym wynikiem
Percentyl według liczby udzielonych odpowiedzi
Twoja historia wyników
Nie rozwiązałeś tego quizu